000 01363nam0a2200301 4500
001 RU\NLR\bibl\1192911
005 20250615095722.0
010 _a978-5-7995-0403-8
_9100
021 _aRU
_b2007-92570
_95003
035 _a(NLR Aleph) 001179453
090 _a1648041
_c1648041
100 _a20080222d2007 |||y0rusy50 ca
101 0 _arus
102 _aRU
105 _aa |||||||||
200 1 _aОсновные фонды предприятия
_eразвитие и эффективность использования
_eмонография
_fО.П. Разинькова
_gФедер. агентство по образованию, Твер. гос. техн. ун-т
210 _aТверь
_cРедакционно-издательский центр Тверского государственного технического университета
_d2007
215 _a192 с.
_cил.
_d21
320 _aБиблиогр.: с. 186-190 (105 назв.)
606 1 _aПредприятия
_xОсновные средства
_xИспользование
_92426779
_3RU\NLR\auth\661444763
686 _aУ9(2)-571.1
700 1 _aРазинькова
_bО. П.
_gОксана Павловна
_4070
801 0 _aRU
_bNLR
_c20080222
_gRCR
801 1 _aRU
_bNLR
_c20080222
830 _aАвт. по кн.
942 _cBOOK
980 _aNB